000
00214 a2200097 4500
001
30906
100
_a
Bilgrawi
245
_a
Rooshni ka Minar
260
_a
Karachi
_b
Kitabiat publication
_c
090
_c
20801
_d
20801
942
_a
NUST-CAE
_c
M
_c
12005
999
_c
265979
_d
265979